El nuevo objetivo del pionero de la avellana en Chile
Pese a ser el primero en reunirse con ellos, Jaime Armengolli se mantuvo al margen del 'boom' que impulsó el generoso poder comprador de la italiana Ferrero en el país. No obstante, ha concentrado sus esfuerzos en el procesamiento del fruto en buscar nuevos compradores.
Guardado en:
| Autor principal: | |
|---|---|
| Formato: | Libro |
| Lenguaje: | español |
| Etiquetas: |
Agregar Etiqueta
Sin Etiquetas, Sea el primero en etiquetar este registro!
|
MARC
| LEADER | 00000nam a22000005a 4500 | ||
|---|---|---|---|
| 003 | CL-ChUAC | ||
| 005 | 20230118121921.0 | ||
| 007 | ta | ||
| 008 | 230118s2022 cl ||||| |||| 000 ||spa | ||
| 022 | |a 0718-0802 | ||
| 040 | |a CL-ChUAC |b spa |c CL-ChUAC |e rda | ||
| 100 | 1 | |a Aldunate M., Felipe |e autor | |
| 245 | 1 | 0 | |a El nuevo objetivo del pionero de la avellana en Chile |c Felipe Aldunate M. |
| 336 | |2 rdacontent |a text |b txt | ||
| 337 | |2 rdamedia |a unmediated |b n | ||
| 338 | |2 rdacarrier |a volume |b nc | ||
| 520 | 3 | |a Pese a ser el primero en reunirse con ellos, Jaime Armengolli se mantuvo al margen del 'boom' que impulsó el generoso poder comprador de la italiana Ferrero en el país. No obstante, ha concentrado sus esfuerzos en el procesamiento del fruto en buscar nuevos compradores. | |
| 773 | 0 | |d Santiago de Chile |g Número 131, Octubre/Noviembre 2022, páginas 22-23 |t Redagrícola | |
| 942 | |2 ddc |c AREV | ||
| 952 | |0 0 |1 0 |2 ddc |4 0 |6 REDAGRÍCOLA__NÚMERO_131_OCTUBRE_NOVIEMBRE_2022_000000000000000 |7 0 |9 1173756 |a UNACH |b UNACH |c HEM |d 2023-01-18 |l 0 |o Redagrícola, Número 131, Octubre/Noviembre 2022 |p 109681 |r 2023-01-18 00:00:00 |w 2023-01-18 |y AREV | ||
| 999 | |c 2368414 |d 2368414 | ||